Organization and pathology of thought /

Spremljeno u:
Bibliografski detalji
Glavni autor: Rapaport, David (autor)
Format: Knjiga
Jezik:engleski
Izdano: Nueva York, EUA : Columbia University, 1959
Izdanje:3a edición
Teme:
Oznake: Dodaj oznaku
Bez oznaka, Budi prvi tko označuje ovaj zapis!

MARC

LEADER 00000nam^a2200000^a^4500
001 000000754
005 20250521000000.0
009 20260310083040.506
037 |a Acervo ITESO - Biblioteca 
041 |a ING 
082 |a 150. 08  |b RAP V. 1 
100 |a Rapaport, David  |e (autor) 
245 1 0 |a Organization and pathology of thought /  |c D. Rapaport. 
250 |a 3a edición 
264 1 |a Nueva York, EUA :  |b Columbia University,  |c 1959 
300 |a 786 p. 
336 |a texto  |b txt  |2 rdacontenido 
337 |a sin mediación  |b n  |2 rdamedio 
338 |a volumen  |b nc  |2 rdasoporte 
649 |a XX 
650 |a Psicología 
650 |a Psicopatología 
910 |a Fondo General 
920 |a Impresos - Libros 
930 |a Colección General 
905 |a 101 
901 |a 0007540100  |b IT1  |c ACC  |i 000754  |u 20250521 
902 |a https://opac.biblio.iteso.mx/vufind/Record/000000754